• 首页
  • 本馆介绍
  • 公告通知
  • 最新文献
  • 馆藏检索
  • 电子资源
  • 读者导购
  • 参考咨询
  • 我的图书馆
  • 登录
  • 详细信息显示
  • 放入我的书架
  • 预约/预借图书
  • 作者相关作品
  • 分类相关作品
  • 丛书相关作品
  • 出版社相关作品

书目信息

  • 表格格式
  • 工作单格式
  • 卡片格式
题名:
美国名记者谈采访工作经验
    
 
作者: 格拉米奇 编 ;魏国强 译
分册:  
出版信息: 北京   新华出版社  1981
页数: 168页
开本: 19cm
丛书名:
单 册:
中图分类: G212.1
科图分类:
主题词: 新闻采访--经验--美国
电子资源:
ISBN:
000 00714nam0 2200241 45
001 0181007682
005 20060802084218.60
010    @dCNY0.53
091    @aCN@b7203.007
100    @a19950630d1981 em y0chiy0121 ea
101 1  @achi@ceng
102    @aCN@b110000
105    @ay z 000yy
200 10 @a美国名记者谈采访工作经验@Amei guo ming ji zhe tan cai fang gong zuo jing yan@f(美)C.A.格拉米奇编@g魏国强译
210    @a北京@c新华出版社@d1981
215    @a168页@d19cm
606    @a新闻采访@x经验@y美国
690    @aG212.1@v3
701  1 @a格拉米奇@Age la mi qi@bC.A.@4编
702  0 @a魏国强@Awei guo qiang@4译
801  0 @aCN@bTSSF@c20060802
801  2 @aCN@bNLC@c20060725
905    @a10447@dG212.1@e168
    
    美国名记者谈采访工作经验/(美)C.A.格拉米奇编/魏国强译.-北京:新华出版社,1981
    168页;19cm
    
    
    ISBN :CNY0.53
    
●
相关链接 在E读中查询图书 在五车中查询图书 在当当中查询图书 在豆瓣中查询图书


正题名:美国名记者谈采访工作经验     索取号:G212.1/168         预约/预借

序号 登录号 条形码 馆藏地/架位号 状态 备注
1 0426072   204260726   密集书库/ [索取号:G212.1/168] 在馆    
2 0426073   204260735   密集书库/ [索取号:G212.1/168] 在馆    
3 0441636   204416364   密集书库/ [索取号:G212.1/168] 在馆    
唐山师范学院图书馆 欢迎您!
大连网信软件有限公司© 版权所有